Statistics for Europe in Spanish - Map Quiz

Click here to take the quiz!

General Stats

  • This quiz has been taken 1,050 times
  • The average score is 37 of 45

Answers on the Map

Answers color-coded by a green-red scale on the quiz's map according to % correct below.
 

Answer Stats

Answer% Correct
Francia
95%
España
94%
Portugal
94%
Italia
92%
Grecia
91%
Rusia
91%
Finlandia
90%
Irlanda
90%
Islandia
89%
Dinamarca
88%
Noruega
88%
Bélgica
86%
Austria
85%
Polonia
85%
Bielorrusia
84%
Estonia
84%
Ucrania
84%
Luxemburgo
83%
Albania
82%
Alemania
82%
Bulgaria
82%
Moldavia
82%
Reino Unido
82%
República Checa
82%
Croacia
81%
Letonia
81%
Rumania
81%
Andorra
80%
Bosnia y Herzegovina
80%
Ciudad del Vaticano
80%
Lituania
80%
Malta
80%
Mónaco
80%
Suecia
80%
Eslovaquia
79%
Kosovo
79%
Liechtenstein
79%
Serbia
79%
Hungría
78%
San Marino
78%
Suiza
78%
Eslovenia
77%
Montenegro
77%
República de Macedonia
77%
Países Bajos
76%

Score Distribution

Percentile by Number Answered

Percent of People with Each Score

Your Score History

You have not taken this quiz